[Event "NOR-chB"]
[Site "Oslo"]
[Date "2023.07.02"]
[Round "2"]
[White "Opseth, Oliver"]
[Black "Schmidt, Jonny"]
[Result "1-0"]
[WhiteElo "1945"]
[BlackElo "1829"]
[PlyCount "59"]
[EventDate "2023.06.30"]
[EventType "swiss"]
[EventRounds "9"]
[EventCountry "NOR"]
[SourceTitle "EXT 2024"]
[Source "ChessBase"]
[SourceDate "2023.10.10"]
[SourceVersion "1"]
[SourceVersionDate "2023.10.10"]
[SourceQuality "1"]

1. e4 e5 2. Nf3 Nc6 3. Bc4 Bc5 4. b4 Bxb4 5. c3 Be7 6. d4 d6 7. 0-0 Na5 8. Qa4+ c6 9. Bd3 b5 10. Qc2 Bg4 11. Nbd2 f6 12. a4 a6 13. Re1 Be6 14. c4 b4 15. d5 Bd7 16. c5 dxc5 17. Nc4 cxd5 18. exd5 Nxc4 19. Qxc4 Bd6 20. Bf4 Ne7 21. Nxe5 fxe5 22. Bxe5 Qc7 23. Bxg7 Rg8 24. Rxe7+ Bxe7 25. d6 Qxd6 26. Qxg8+ Bf8 27. Re1+ Kd8 28. Bxf8 Qxd3 29. Bd6+ Be8 30. Qxe8# 1-0

[Event "NOR-chB"]
[Site "Oslo"]
[Date "2023.07.01"]
[Round "1"]
[White "Hoem, Audun"]
[Black "Opseth, Oliver"]
[Result "0-1"]
[WhiteElo "1841"]
[BlackElo "1945"]
[PlyCount "46"]
[EventDate "2023.06.30"]
[EventType "swiss"]
[EventRounds "9"]
[EventCountry "NOR"]
[SourceTitle "EXT 2024"]
[Source "ChessBase"]
[SourceDate "2023.10.10"]
[SourceVersion "1"]
[SourceVersionDate "2023.10.10"]
[SourceQuality "1"]

1. e4 c5 2. Nf3 Nc6 3. d4 cxd4 4. Nxd4 Nf6 5. Nc3 g6 6. Be3 Bg7 7. Bc4 0-0 8. Bb3 Qa5 9. 0-0 d6 10. h3 Bd7 11. f4 Qh5 12. Nf3 Rad8 13. Qe1 e6 14. g4 Qxh3 15. g5 Ng4 16. Rd1 f6 17. Rxd6 fxg5 18. Rxd7 Rxd7 19. Bxe6+ Rdf7 20. Bc5 Bd4+ 21. Bxd4 Nxd4 22. Bxf7+ Rxf7 23. Qd1 Ne3 0-1

[Event "Kragero op-B"]
[Site "Kragero"]
[Date "2020.02.22"]
[Round "8"]
[White "Sejersted, Adrian"]
[Black "Opseth, Oliver"]
[Result "1/2-1/2"]
[WhiteElo "1788"]
[BlackElo "1894"]
[PlyCount "118"]
[EventDate "2020.02.19"]
[EventType "swiss"]
[EventRounds "9"]
[EventCountry "NOR"]
[SourceTitle "CBM 195 Extra"]
[Source "ChessBase"]
[SourceDate "2020.05.31"]
[SourceVersion "1"]
[SourceVersionDate "2020.05.31"]
[SourceQuality "1"]

1. d4 Nf6 2. Nc3 d5 3. Bf4 c6 4. e3 g6 5. Nf3 Bg7 6. Bd3 Nbd7 7. Ne5 Nh5 8. Qf3 Nxf4 9. exf4 0-0 10. g4 Nxe5 11. dxe5 Qa5 12. 0-0 f5 13. g5 Be6 14. h4 d4 15. Ne2 Bd5 16. Qh3 c5 17. b3 a6 18. a4 Qb4 19. a5 b5 20. axb6 Qxb6 21. h5 h6 22. Qh4 hxg5 23. Qxg5 gxh5 24. Qxh5 Qh6 25. Qxh6 Bxh6 26. Rxa6 Rxa6 27. Bxa6 Bf3 28. Ra1 Kg7 29. Bd3 Rh8 30. Ra7 Bxf4 31. Ng3 Bxe5 32. Rxe7+ Kf6 33. Ra7 Bb8 34. Ra5 f4 35. Rxc5 Be5 36. Be4 fxg3 37. Bxf3 gxf2+ 38. Kxf2 Rh2+ 39. Bg2 Ke6 40. Rc4 Rh8 41. Bf1 Rf8+ 42. Kg1 Bf4 43. Bd3 Be3+ 44. Kg2 Ke5 45. Rc6 Kd5 46. Rg6 Kc5 47. Kg3 Bd2 48. Ra6 Be1+ 49. Kg4 Bd2 50. Ra4 Bc3 51. Rc4+ Kb6 52. b4 Rf7 53. b5 Rc7 54. Ra4 Ra7 55. Ra6+ Rxa6 56. bxa6 Kc7 57. Kf5 Kb6 58. Ke6 Bb2 59. Kd7 Ka7 1/2-1/2

[Event "Helsingor Xtracon op"]
[Site "Helsingor"]
[Date "2019.07.27"]
[Round "9"]
[White "Opseth, Oliver"]
[Black "Smeby, Ole"]
[Result "1/2-1/2"]
[WhiteElo "1714"]
[BlackElo "1887"]
[PlyCount "100"]
[EventDate "2019.07.20"]
[EventType "swiss"]
[EventRounds "10"]
[EventCountry "DEN"]
[SourceTitle "CBM 191 Extra"]
[Source "ChessBase"]
[SourceDate "2019.09.30"]
[SourceVersion "1"]
[SourceVersionDate "2019.09.30"]
[SourceQuality "1"]

1. d4 Nf6 2. Bf4 d5 3. Nc3 c6 4. e3 Bf5 5. h3 e6 6. Nf3 Bd6 7. Ne5 Bb4 8. Bd3 Qa5 9. 0-0 Bxc3 10. bxc3 Qxc3 11. Bxf5 exf5 12. Rb1 b5 13. Rb3 Qa5 14. c4 dxc4 15. Nxc4 bxc4 16. Rxb8+ Rxb8 17. Bxb8 0-0 18. Bd6 Re8 19. Qc2 c3 20. a3 Ne4 21. Bb4 Qa6 22. Bxc3 Qxa3 23. Bb2 Qd6 24. Qa4 Qd7 25. Rc1 Rc8 26. f3 Nd6 27. d5 Nb5 28. dxc6 Qd3 29. Qf4 f6 30. c7 g5 31. Qc4+ Qxc4 32. Rxc4 Rxc7 33. Rb4 Nc3 34. Bxc3 Rxc3 35. Rb8+ Kg7 36. Rb7+ Kg6 37. Rxa7 Rxe3 38. Kf2 Rb3 39. Ra2 f4 40. Rc2 h5 41. Ra2 Rb6 42. Rc2 f5 43. Rc4 Rb2+ 44. Kg1 g4 45. hxg4 fxg4 46. fxg4 hxg4 47. Rxf4 Kg5 48. g3 Re2 49. Ra4 Kf5 50. Rf4+ Kg5 1/2-1/2

[Event "Helsingor Xtracon op"]
[Site "Helsingor"]
[Date "2019.07.20"]
[Round "1"]
[White "Opseth, Oliver"]
[Black "Colbow, Collin"]
[Result "0-1"]
[WhiteElo "1714"]
[BlackElo "2167"]
[PlyCount "116"]
[EventDate "2019.07.20"]
[EventType "swiss"]
[EventRounds "10"]
[EventCountry "DEN"]
[SourceTitle "CBM 191 Extra"]
[Source "ChessBase"]
[SourceDate "2019.09.30"]
[SourceVersion "1"]
[SourceVersionDate "2019.09.30"]
[SourceQuality "1"]

1. d4 Nf6 2. Bf4 e6 3. Nf3 b6 4. Nc3 Bb7 5. e3 Bb4 6. a3 Bxc3+ 7. bxc3 Nd5 8. Bg5 f6 9. c4 fxg5 10. cxd5 Bxd5 11. Ne5 0-0 12. Bd3 Qf6 13. Ng4 Qe7 14. 0-0 d6 15. Qb1 h5 16. e4 hxg4 17. exd5 exd5 18. c4 Qf6 19. Qd1 Nc6 20. Qxg4 Nxd4 21. Rae1 c5 22. Re3 Nf5 23. Rf3 Nh6 24. Qh5 Qe5 25. Re3 Qf6 26. cxd5 g4 27. Re6 Qf7 28. Qg5 Qf4 29. Qg6 Rf6 30. Qh7+ Kf8 31. Rxf6+ Qxf6 32. Re1 Nf7 33. Bb5 Rd8 34. Qe4 Ne5 35. Qa4 a5 36. Be2 Qg5 37. Qe4 Re8 38. Qb1 Nf3+ 39. Bxf3 Rxe1+ 40. Qxe1 gxf3 41. g3 Qxd5 42. h4 c4 43. Qc1 Qd3 44. Qg5 c3 45. g4 c2 46. Qd8+ Kf7 47. Qd7+ Kf6 48. g5+ Kg6 49. Qe8+ Kf5 50. Qf7+ Kg4 51. Qe6+ Kxh4 52. Kh2 c1Q 53. Qh3+ Kxg5 54. Qg3+ Kf6 55. Qh4+ Qg5 56. Qxg5+ Kxg5 57. a4 Qf1 58. Kg3 Qg2# 0-1

[Event "NOR-ch U18"]
[Site "Larvik"]
[Date "2019.07.09"]
[Round "5"]
[White "Nielsen, Andre"]
[Black "Opseth, Oliver"]
[Result "1-0"]
[WhiteElo "2229"]
[BlackElo "1714"]
[PlyCount "61"]
[EventDate "2019.07.05"]
[EventType "tourn"]
[EventRounds "9"]
[EventCountry "NOR"]
[SourceTitle "EXT 2024"]
[Source "ChessBase"]
[SourceDate "2023.10.10"]
[SourceVersion "1"]
[SourceVersionDate "2023.10.10"]
[SourceQuality "1"]

1. e4 c5 2. Nf3 e6 3. d4 cxd4 4. Nxd4 Nc6 5. Nc3 Nge7 6. Ndb5 Ng6 7. Nd6+ Bxd6 8. Qxd6 Qe7 9. Qc7 0-0 10. Be3 b6 11. 0-0-0 Rb8 12. h4 b5 13. Bxb5 Bb7 14. Rxd7 Qf6 15. Bxc6 Rfc8 16. Qxb7 Rxb7 17. Bxb7 Rf8 18. Rhd1 Nxh4 19. g3 Nf3 20. Bxa7 Qg5+ 21. Be3 Qa5 22. Bf4 e5 23. Be3 Nd4 24. Bxd4 exd4 25. R1xd4 f5 26. Bd5+ Kh8 27. e5 Qb6 28. Bb3 Qh6+ 29. Kb1 Qh1+ 30. Rd1 Qf3 31. Rd8 1-0

[Event "Dublin Irish op"]
[Site "Dublin"]
[Date "2019.04.19"]
[Round "4"]
[White "Melaugh, Shanemelaugh"]
[Black "Opseth, Oliver"]
[Result "1-0"]
[WhiteElo "2105"]
[BlackElo "1739"]
[PlyCount "75"]
[EventDate "2019.04.17"]
[EventType "swiss"]
[EventRounds "9"]
[EventCountry "IRL"]
[SourceTitle "CBM 189 Extra"]
[Source "ChessBase"]
[SourceDate "2019.06.03"]
[SourceVersion "1"]
[SourceVersionDate "2019.06.03"]
[SourceQuality "1"]

1. c4 Nf6 2. Nc3 d6 3. d4 g6 4. e4 Bg7 5. Be2 0-0 6. Be3 e5 7. d5 Ne8 8. g4 f5 9. gxf5 gxf5 10. exf5 Bxf5 11. Nf3 Na6 12. Rg1 Nb4 13. Rc1 c6 14. a3 Na6 15. b4 Bg6 16. Ng5 Nac7 17. h4 Kh8 18. h5 Bf5 19. Bd3 Qd7 20. Bxf5 Qxf5 21. Nge4 cxd5 22. cxd5 h6 23. Rg6 Nb5 24. Ng3 Nxc3 25. Rxc3 Qf7 26. Qd2 Nf6 27. Bxh6 Bxh6 28. Rxh6+ Nh7 29. Ne4 Rg8 30. Ng5 Rxg5 31. Qxg5 Rf8 32. Qe3 Rg8 33. Rxd6 Qxh5 34. Kd2 Qf5 35. Rc7 Qg5 36. Qxg5 Nxg5 37. Rh6+ Nh7 38. Rhxh7# 1-0

[Event "Hamar op A"]
[Site "Hamar"]
[Date "2017.10.05"]
[Round "3"]
[White "Opseth, Oliver"]
[Black "Reigstad, Erlend"]
[Result "1-0"]
[WhiteElo "1661"]
[BlackElo "1678"]
[PlyCount "79"]
[EventDate "2017.09.07"]
[EventType "swiss"]
[EventRounds "7"]
[EventCountry "NOR"]
[SourceTitle "EXT 2024"]
[Source "ChessBase"]
[SourceDate "2023.10.10"]
[SourceVersion "1"]
[SourceVersionDate "2023.10.10"]
[SourceQuality "1"]

1. d4 Nf6 2. Nf3 d5 3. Bf4 Bf5 4. e3 e6 5. Nbd2 c5 6. c3 Nc6 7. Qb3 Qb6 8. Be2 Be7 9. h3 cxd4 10. exd4 Nd7 11. 0-0 0-0 12. Rfe1 Rac8 13. g4 Bg6 14. h4 f5 15. g5 Bh5 16. Nh2 Bxe2 17. Rxe2 Nd8 18. Nhf3 Qa6 19. Rae1 Rc6 20. a3 Nf7 21. h5 g6 22. h6 Bd6 23. Bxd6 Rxd6 24. c4 Rb6 25. Qc3 Rc6 26. b4 Qb6 27. Qb2 dxc4 28. Qc3 e5 29. dxe5 Nfxe5 30. Nxe5 Qd8 31. Nxc6 Qxg5+ 32. Kf1 Qxh6 33. Ne7+ Kf7 34. Qxc4+ Kg7 35. Qd5 Qh3+ 36. Qg2 Qxa3 37. Qxb7 f4 38. Qxd7 Kh6 39. Qg4 g5 40. Re6+ 1-0

[Event "NOR-ch U16"]
[Site "Stavanger"]
[Date "2017.07.01"]
[Round "2"]
[White "Nilsen, Tobias Lang"]
[Black "Opseth, Oliver"]
[Result "1-0"]
[WhiteElo "1969"]
[BlackElo "1680"]
[PlyCount "119"]
[EventDate "2017.07.01"]
[EventType "swiss"]
[EventRounds "9"]
[EventCountry "NOR"]
[SourceTitle "EXT 2018"]
[Source "ChessBase"]
[SourceDate "2017.10.13"]
[SourceVersion "1"]
[SourceVersionDate "2017.10.13"]
[SourceQuality "1"]

1. e4 e5 2. Nf3 Nc6 3. Bb5 Nf6 4. d3 d6 5. 0-0 Be7 6. c3 0-0 7. Re1 Bg4 8. Nbd2 Nd7 9. h3 Bh5 10. Nf1 Bh4 11. Ne3 Nc5 12. Nf5 Be7 13. d4 exd4 14. cxd4 Nd7 15. Bc4 Bf6 16. g4 Bg6 17. d5 Nce5 18. Nxe5 Nxe5 19. Bf1 Bxf5 20. exf5 Bh4 21. Re4 c6 22. dxc6 bxc6 23. f4 Nd7 24. Qxd6 Qb6+ 25. Be3 Qxb2 26. Bd4 Qb7 27. Bg2 Rad8 28. Qa3 Nf6 29. Re7 Rd7 30. Rxd7 Qxd7 31. Qxa7 Qxa7 32. Bxa7 Ra8 33. Bd4 Nd5 34. Bxd5 cxd5 35. a4 Kf8 36. a5 Ra6 37. Kg2 Bd8 38. Bc3 f6 39. Kf3 Ke8 40. Ke3 Kd7 41. Kd3 Bc7 42. Ra4 Kc6 43. g5 Kc5 44. h4 h5 45. g6 Bb8 46. Bd4+ Kb5 47. Ra1 Bxf4 48. Rb1+ Kxa5 49. Ra1+ Kb5 50. Rxa6 Kxa6 51. Bxf6 Bh6 52. Be7 Kb6 53. Bf8 Kc6 54. f6 Kd7 55. fxg7 Bxg7 56. Bxg7 Ke6 57. Bf8 Kf6 58. g7 Kf7 59. Kd4 Kg8 60. Kxd5 1-0

[Event "Hamar CC-ch A"]
[Site "Hamar"]
[Date "2017.04.20"]
[Round "8"]
[White "Holm, Ragnar"]
[Black "Opseth, Oliver"]
[Result "1-0"]
[WhiteElo "2065"]
[BlackElo "1516"]
[PlyCount "63"]
[EventDate "2017.01.05"]
[EventType "swiss"]
[EventRounds "9"]
[EventCountry "NOR"]
[SourceTitle "EXT 2024"]
[Source "ChessBase"]
[SourceDate "2023.10.10"]
[SourceVersion "1"]
[SourceVersionDate "2023.10.10"]
[SourceQuality "1"]

1. d4 Nf6 2. c4 g6 3. Nc3 Bg7 4. e4 d6 5. f4 0-0 6. Nf3 c5 7. d5 Nbd7 8. Be2 Ne8 9. 0-0 e6 10. dxe6 fxe6 11. Qd3 e5 12. f5 gxf5 13. exf5 Nb6 14. g4 Qc7 15. a4 Bd7 16. a5 Nc8 17. Nd5 Qb8 18. Ng5 Nf6 19. Qh3 h6 20. Nxf6+ Rxf6 21. Ne4 Rf7 22. Bxh6 Bxh6 23. Qxh6 Ne7 24. f6 Nc6 25. Qg6+ Kf8 26. Ng5 Qe8 27. Bd3 e4 28. Bxe4 Bxg4 29. Qh6+ Kg8 30. Bh7+ Rxh7 31. Qxh7+ Kf8 32. Qg7# 1-0

[Event "Helsingor Xtracon op"]
[Site "Helsingor"]
[Date "2016.07.29"]
[Round "8"]
[White "Opseth, Oliver"]
[Black "Pedersen, Carl Aage"]
[Result "1/2-1/2"]
[WhiteElo "1545"]
[BlackElo "1781"]
[PlyCount "48"]
[EventDate "2016.07.23"]
[EventType "swiss"]
[EventRounds "10"]
[EventCountry "DEN"]
[SourceTitle "CBM 173 Extra"]
[Source "ChessBase"]
[SourceDate "2016.08.29"]
[SourceVersion "1"]
[SourceVersionDate "2016.08.29"]
[SourceQuality "1"]

1. d4 d5 2. c4 e6 3. Nc3 Nf6 4. Bg5 Nbd7 5. Nf3 c6 6. e3 Be7 7. cxd5 exd5 8. Bd3 h6 9. Bh4 0-0 10. 0-0 Ne4 11. Bxe7 Qxe7 12. Qc2 Ndf6 13. Ne5 Nxc3 14. bxc3 Ng4 15. Nxg4 Bxg4 16. Rab1 Be6 17. c4 dxc4 18. Bxc4 Bxc4 19. Qxc4 Rfd8 20. Qb4 Rd7 21. Qxe7 Rxe7 22. Rb3 Rd8 23. Rfb1 Rdd7 24. a4 Kf8 1/2-1/2

[Event "Helsingor Xtracon op"]
[Site "Helsingor"]
[Date "2016.07.27"]
[Round "6"]
[White "Opseth, Oliver"]
[Black "Densing, Gerd"]
[Result "1-0"]
[WhiteElo "1545"]
[BlackElo "1814"]
[PlyCount "53"]
[EventDate "2016.07.23"]
[EventType "swiss"]
[EventRounds "10"]
[EventCountry "DEN"]
[SourceTitle "CBM 173 Extra"]
[Source "ChessBase"]
[SourceDate "2016.08.29"]
[SourceVersion "1"]
[SourceVersionDate "2016.08.29"]
[SourceQuality "1"]

1. d4 e6 2. c4 Nf6 3. Nc3 Bb4 4. Nf3 b6 5. a3 Bxc3+ 6. bxc3 h6 7. g3 Bb7 8. Bg2 0-0 9. 0-0 Ne4 10. Qc2 Qc8 11. Ne5 f5 12. Ng6 Rf7 13. g4 Nd6 14. d5 Nxc4 15. Qd3 Nd6 16. dxe6 dxe6 17. gxf5 Bxg2 18. fxe6 Bxf1 19. exf7+ Kxf7 20. Kxf1 Nd7 21. Bf4 Qb7 22. f3 Qc6 23. Rd1 Rc8 24. Bxd6 Qxd6 25. Qf5+ Qf6 26. Rxd7+ Kg8 27. Qxf6 1-0